000
00312nam a2200133Ia 4500
005
20251222151344.0
008
251222s9999||||xx |||||||||||||| ||spa||
082
_a
599.5/C16
100
_a
Cafiero, Gaetano
245
0
_a
Whales and Dolphins
250
_a
1ra.ed.
264
_b
Barnes & Noble Book
942
_c
LIB
999
_c
24580
_d
24580